Borussia Dortmund 2019/2020 - Statystyki

Ogólne statystyki
  • Ten quiz został rozwiązany 412 razy
  • Średni wynik to 14 z 27
Statystyki odpowiedzi
Pozycja Imię i Nazwisko % Poprawnych
Bramkarz Roman Burki
95%
Pomocnik Marco Reus
93%
Obrońca Łukasz Piszczek
92%
Obrońca Mats Hummels
88%
Pomocnik Jadon Sancho
79%
Obrońca Manuel Akanji
72%
Napastnik Paco Alcacer
71%
Pomocnik Axel Witsel
65%
Obrońca Achraf Hakimi
64%
Obrońca Marcel Schmelzer
64%
Bramkarz Marwin Hitz
64%
Pomocnik Mario Gotze
62%
Pomocnik Thorgan Hazard
61%
Pomocnik Julian Brandt
60%
Obrońca Dan-Axel Zagadou
59%
Obrońca Raphael Guerreiro
54%
Obrońca Nico Schulz
51%
Pomocnik Thomas Delaney
46%
Pomocnik Julian Weigl
44%
Pomocnik Mahmoud Dahoud
38%
Napastnik Jacob Bruun Larsen
24%
Napastnik Marius Wolf
22%
Obrońca Leonardo Balerdi
17%
Bramkarz Eric Oelschlagel
11%
Bramkarz Luca Unbehaun
11%
Pomocnik Tobias Raschl
7%
Obrońca Mateu Morey Bauza
1%
Nie znaleziono quizów pasujących do podanych kryteriów
Rozkład punktacji
Procent ludzi z każdym wynikiem
Percentyl według liczby udzielonych odpowiedzi
Twoja historia wyników
Nie rozwiązałeś tego quizu